• AIU
  • Tony Wilmot Memorial Library

Kitabu cha agano jipya la Bwana na Mwoko (Record no. 43524)

MARC details
000 -LEADER
fixed length control field 00538nam a22001691a 4500
020 ## - INTERNATIONAL STANDARD BOOK NUMBER
International Standard Book Number 0564026735
Terms of availability 0.00
040 ## - CATALOGING SOURCE
Original cataloging agency NEGST Library - Kenya
050 ## - LIBRARY OF CONGRESS CALL NUMBER
Classification number BS 325.S99 1950
245 ## - TITLE STATEMENT
Title Kitabu cha agano jipya la Bwana na Mwoko
Medium [Text]
260 ## - PUBLICATION, DISTRIBUTION, ETC. (IMPRINT)
Place of publication, distribution, etc Iringa and Nairobi
Name of publisher, distributor, etc Bible Societies of Tanza
Date of publication, distribution, etc 1950
300 ## - PHYSICAL DESCRIPTION
Extent 162 p.;
500 ## - GENERAL NOTE
General note [Africana]
600 ## - SUBJECT ADDED ENTRY--PERSONAL NAME
Personal name Bible. N. T. Swahili language - Texts
600 ## - SUBJECT ADDED ENTRY--PERSONAL NAME
Personal name Swahili Language - Texts
852 ## - LOCATION/CALL NUMBER
-- 10.00
Holdings
Withdrawn status Lost status Source of classification or shelving scheme Damaged status Not for loan Collection code Home library Current library Shelving location Date acquired Source of acquisition Cost, normal purchase price Full call number Barcode Date last seen Copy number Price effective from Koha item type
    Library of Congress Classification     Special Collection AIU/NEGST - Tony Wilmot Memorial Library AIU/NEGST - Tony Wilmot Memorial Library Special Collection 02/17/2010 Donation- SIL 10.00 S BS 325.S99 1950 R36657P3232 09/26/2019 1 02/17/2010 Africana Collection (Special)